Paroles - Là-bas - Jean-Jacques Goldman et Sirima - Statistiques

Statistiques générales
  • Ce quiz a été pris 1 152 fois
  • Le résultat moyen est 247 sur 296
Statistiques - réponses
* Paroles % Correct
la
100%
100%
Goldman La
100%
Goldman | Sirima Là-bas
99%
là-bas
99%
est
98%
et
98%
Et
98%
l'on
97%
Tout
97%
tout
97%
de
96%
pas
96%
à
95%
a
95%
Je
95%
je
95%
ne
95%
95%
sauvage
95%
te
95%
ma
94%
m'a
94%
ce
93%
Sirima N'y
93%
n'y
93%
que
93%
va
93%
tu
91%
Tu
91%
ça
90%
Le
90%
le
90%
me
90%
sans
90%
C'est
89%
j'irai
89%
pour
89%
Si
89%
si
89%
rêves
87%
toi,
87%
toi
87%
Goldman Toi
87%
moi
86%
moi,
86%
des
85%
ta
85%
Ici,
84%
On
84%
on
84%
continent
83%
Libre
83%
neuf
83%
Reste
82%
reste
82%
suis
82%
les
81%
nos
81%
peut
81%
peut-
81%
rien
81%
veux
81%
vie
81%
partir
80%
sont
80%
bien
79%
Mais
79%
n'ai
79%
ou
79%
Y'a
78%
choix
77%
mes
77%
au
76%
changer
76%
grillage
76%
laissé
76%
d'avance
75%
joué
75%
mon
75%
tant
75%
Tant
75%
étroits
74%
faire
74%
loi
74%
mari
74%
naissance
73%
naufrages
73%
père
73%
tempêtes
73%
perds
72%
tes
72%
dépend
71%
bonheur
70%
Loin
69%
as
68%
être
68%
d'amour
67%
foi
67%
force
66%
fragile
66%
mirages
66%
parfois
66%
ton
66%
âge
65%
sais
65%
sera
64%
creux
61%
possible
61%
visage
61%
portée
60%
venir
60%
villages
60%
qu'ici
59%
chance,
58%
droits
58%
du
58%
Goldman J'aurai
58%
j'aurai
58%
vies,
58%
doigts
57%
déjà,
55%
beau
54%
Goldman Beau
54%
bras
54%
voix,
54%
dans
53%
feu,
53%
fierté
52%
perdrai
52%
comme
51%
courage
51%
Faut
51%
faut
51%
J'oublierai
49%
même
49%
diables
48%
J'ai
48%
L'or
48%
coeur
46%
leur
45%
serrer
44%
m'échappes
43%
n'imagine
42%
autres
40%
mérites
40%
imposent
38%
Aucun quiz correspondant
Distribution des résultats
% des personnes avec chaque résultat
Percentile par nombre de réponses
Votre historique - résultats
Vous n’avez pas pris ce quiz